System-specific statistical modelling of SBR bulking /
Saved in:
| Main Author: | |
|---|---|
| Format: | Thesis Book |
| Language: | English |
| Published: |
1999.
|
| Tags: |
Add Tag
No Tags, Be the first to tag this record!
|
| LEADER | 00691cam a2200205 a 4500 | ||
|---|---|---|---|
| 001 | u450331 | ||
| 003 | SIRSI | ||
| 008 | 991117s1999 si 00 eng | ||
| 035 | |a ACI-7569 | ||
| 040 | |a UMM | ||
| 090 | |a TA145 |b NUS 1999 Fai | ||
| 100 | 0 | 0 | |a Faisal Hossain. |
| 245 | 1 | 0 | |a System-specific statistical modelling of SBR bulking / |c Faisal Hossain. |
| 260 | |c 1999. | ||
| 300 | |a xv, 170 leaves : |b ill. ; |c 30 cm. | ||
| 502 | |a Dissertation (M.Sc.) -- National University of Singapore, 1999. | ||
| 504 | |a Bibliography : p. 127-142. | ||
| 948 | |a 22/01/2000 |b 01/11/2002 | ||
| 596 | |a 1 | ||
| 999 | |a TA145 NUS 1999 FAI |w LC |c 1 |i A509451114 |l B_KOM4 |m P01UTAMA |r Y |s Y |t TESIS |u 12/11/2002 |o .PUBLIC. BKOM 4 : 44220 | ||
